000 00240nam a2200085Ia 4500
008 220204s9999 xx 000 0 und d
245 0 _aResearch designs and standards organisation Annual Report
260 _aGovt of India
_c1986-87
942 _cBK
999 _c43598
_d43598